Central Library OPAC University of Rajshahi

EVALUATION OF THYROID STATUS IN PUBERTY GOITER / (Record no. 80047)

MARC details
000 -LEADER
fixed length control field 00962nam a2200253 a 4500
001 - CONTROL NUMBER
RUCL Control Number 80047
003 - CONTROL NUMBER IDENTIFIER
rucl marc code BD-RjUL
005 - DATE AND TIME OF LATEST TRANSACTION
control field 20230404115846.0
008 - FIXED-LENGTH DATA ELEMENTS--GENERAL INFORMATION
fixed length control field 220627s2007 bg a|||| m||| 00| 0 eng d
035 ## - SYSTEM CONTROL NUMBER
system control number (BD-RjUL)80047
040 ## - CATALOGING SOURCE
Original cataloging agency BD-RjUL
Language of cataloging eng
Transcribing agency BD-RjUL
Modifying agency BD-RjUL
041 ## - LANGUAGE CODE
Language code of Book eng
082 ## - DEWEY DECIMAL CLASSIFICATION NUMBER
DDC Edition number 23
Classification number 616.442
Author mark and Year ALE 2007
100 ## - MAIN ENTRY--PERSONAL NAME
Personal name Ali, Md. Murshed
9 (RLIN) 3908
245 10 - TITLE STATEMENT
Title EVALUATION OF THYROID STATUS IN PUBERTY GOITER /
Statement of responsibility, etc By Md. Murshed Ali
Name of Supervisor/Co-Supervisor Principal Supervisor : Parvez Hassan, Co-Supervisor : Md. Suhrab Ali
260 ## - PUBLICATION, DISTRIBUTION, ETC. (IMPRINT)
Place of publication, distribution, etc Rajshahi :
Name of publisher, distributor, etc Institute of Biological Sciences, University of Rajshahi,
Date of publication, distribution, etc 2007
300 ## - PHYSICAL DESCRIPTION
Pagination [12], 144 leaves :
Other physical details ill.;
Dimensions 29 cm.
502 ## - DISSERTATION NOTE
Dissertation note Thesis(Ph. D.)-- Institute of Biological Sciences, University of Rajshahi,2007
504 ## - BIBLIOGRAPHY, ETC. NOTE
Bibliography, etc References : Leaves 109-125
650 ## - SUBJECT ADDED ENTRY--TOPICAL TERM
Topical term or geographic name as entry element Diseases
General subdivision Goiter
9 (RLIN) 3909
700 ## - ADDED ENTRY--SUPERVISOR/CO-SUPERVISOR NAME
Personal name Hassan, Parvez, Principal Supervisor
9 (RLIN) 3111
Personal name Ali, Md. Suhrab, Co-Supervisor
9 (RLIN) 3910
942 ## - ADDED ENTRY ELEMENTS (KOHA)
Source of classification or shelving scheme Dewey Decimal Classification
Koha item type Theses
Holdings
Source of classification or shelving scheme Damaged status Not for loan Collection code Permanent Location Current Location Shelving location Date of accession Source of acquisition Total Checkouts Full call number Barcode Date last seen Copy number Thesis
Dewey Decimal Classification   Not For Loan Theses Central Library, University of Rajshahi Central Library, University of Rajshahi Documentation Section 23/04/2008 Controller of Exam. R.U.   THE 616.442 ALE 2007 D2874 27/06/2022 C-1 Theses